000 01173nam a2200325 a 4500
001 000111505
003 CHAP
005 20220329144215.0
008 150513s2015 mx a fsm |||||||spa d
010 _a107967
011 _a108939
040 _cCHAP
090 _aTesis
100 1 _aIgnacio Elizondo, Esther
_9129393
245 1 0 _aMigración interna y comunalidad:
_h[En línea]
_balumnos mixes en la Universidad Autónoma Chapingo /
_cpor Esther Ignacio Elizondo.
260 _aChapingo, Méx. :
_bEl autor,
_c2015.
500 _aPara ver el contenido del material haga clic en la liga
502 _aTesis (Ing. Agr. Esp. en Sociología Rural) -- UACH. Departamento de Sociología Rural
590 _aE6096MTM
_b05
_c20150513
_lUCH01
_h1252
590 _aE6096MTM
_b05
_c20150513
_lUCH01
_h1254
650 1 4 _aEducación agrícola.
_935491
650 1 4 _aEducación superior
_zMéxico (Edo.).
_935668
650 1 4 _aIndios de Oaxaca.
_957644
650 1 4 _aMigración interna
_zMéxico.
_975608
650 1 4 _aMigración rural.
_975609
856 _aFinding aid
_uhttp://10.13.5.2/tesis/sist111505.pdf
_zTeclea aquí
901 _aBK
942 _cTESIS
942 _n0
999 _c107967
_d107967